Các thể loại báo chí : Sách tham khảo nghiệp vụ
Gorde:
| Egile nagusia: | |
|---|---|
| Formatua: | Liburua |
| Hizkuntza: | Undetermined |
| Argitaratua: |
Hà Nội
Thông Tấn
2004
|
| Gaiak: | |
| Etiketak: |
Etiketa erantsi
Etiketarik gabe, Izan zaitez lehena erregistro honi etiketa jartzen!
|
| Thư viện lưu trữ: | Trung tâm Học liệu Trường Đại học Cần Thơ |
|---|
| LEADER | 00620nam a2200205Ia 4500 | ||
|---|---|---|---|
| 001 | CTU_91609 | ||
| 008 | 210402s9999 xx 000 0 und d | ||
| 020 | |c 61000 | ||
| 082 | |a 070.4 | ||
| 082 | |b C522 | ||
| 100 | |a Chertưchơnưi, A. A. | ||
| 245 | 0 | |a Các thể loại báo chí : | |
| 245 | 0 | |b Sách tham khảo nghiệp vụ | |
| 245 | 0 | |c A. A. Chertưchơnưi; Đào Tấn Anh, Trần Kiều Văn dịch | |
| 260 | |a Hà Nội | ||
| 260 | |b Thông Tấn | ||
| 260 | |c 2004 | ||
| 650 | |a Journalism | ||
| 904 | |i Mai Loan | ||
| 980 | |a Trung tâm Học liệu Trường Đại học Cần Thơ | ||